[Event "37. Copenhagen Open (Politiken Cup)"]
[Site "Elsinore"]
[Date "2015.07.28"]
[Round "5"]
[White "Thaler, Toni"]
[Black "Marthedal, Anton Mehmet Yildiz"]
[Result "1/2-1/2"]
[WhiteElo "2025"]
[BlackElo "1811"]
[PlyCount "164"]
[EventDate "2015.07.25"]
[EventType "swiss"]
[EventRounds "10"]
[EventCountry "DEN"]
[Source "ChessBase"]
[SourceDate "2015.09.14"]

1. d4 d5 2. c4 dxc4 3. Nf3 Nf6 4. e3 c5 5. Bxc4 e6 6. O-O cxd4 7. exd4 Be7 8.
Qe2 O-O 9. Nc3 a6 10. a3 b5 11. Bb3 Bb7 12. Rd1 Nd5 13. Ne4 Nd7 14. Ne5 Nxe5
15. dxe5 Qc7 16. Ng5 Rac8 17. Bd2 Qb8 18. Rac1 Bc5 19. Qd3 g6 20. Qh3 h5 21.
Qg3 Kg7 22. Bc2 Ne7 23. Bc3 Rfd8 24. Qf4 Rf8 25. Qf6+ Kg8 26. Rd7 Rc7 27. Rcd1
Rxd7 28. Rxd7 Bc6 29. Rxe7 Bxe7 30. Qxe7 Qd8 31. Bb4 Qxe7 32. Bxe7 Rc8 33. Bd3
b4 34. f3 bxa3 35. bxa3 Bb5 36. Bxb5 axb5 37. Kf2 Rc4 38. Ne4 Kg7 39. h4 Kh6
40. Kf1 Kh7 41. Nf6+ Kh8 42. g3 Rc3 43. Bb4 Rd3 44. Ke2 Rd8 45. Bd6 Kg7 46. Ne4
Rc8 47. Bc5 Rc7 48. Kd3 Rd7+ 49. Bd6 Ra7 50. Nc3 Rb7 51. Kd4 f6 52. f4 fxe5+
53. Bxe5+ Kf7 54. Kc5 Rd7 55. Bd6 Kf6 56. Ne4+ Kf5 57. Nf2 Rd8 58. Kc6 Rc8+ 59.
Kxb5 Rc2 60. Bc5 e5 61. fxe5 Kxe5 62. a4 Kd5 63. Bb6 Rb2+ 64. Ka6 Kc6 65. a5
Rb3 66. Ne4 Rb4 67. Nf6 Rb3 68. g4 Rb4 69. gxh5 gxh5 70. Nxh5 Rxh4 71. Ng3 Rh8
72. Nf5 Ra8+ 73. Ba7 Rh8 74. Nd4+ Kd5 75. Nb5 Rh1 76. Bb6 Rh7 77. Nc3+ Kc6 78.
Na2 Kd7 79. Nb4 Kc8 80. Nc6 Rh6 81. Kb5 Rxc6 82. Kxc6 Kb8 1/2-1/2

[Event "37. Copenhagen Open (Politiken Cup)"]
[Site "Elsinore"]
[Date "2015.07.28"]
[Round "5"]
[White "Thor, Gudmundur Sverrir"]
[Black "Buchal, Stephan"]
[Result "0-1"]
[WhiteElo "2032"]
[BlackElo "2267"]
[PlyCount "94"]
[EventDate "2015.07.25"]
[EventType "swiss"]
[EventRounds "10"]
[EventCountry "DEN"]
[Source "ChessBase"]
[SourceDate "2015.09.14"]

1. e4 g6 2. Nc3 Bg7 3. g3 d6 4. Bg2 e5 5. d3 c5 6. Nge2 Nc6 7. O-O Nge7 8. Be3
Be6 9. Nd5 O-O 10. c4 Nd4 11. Nec3 Nxd5 12. exd5 Bd7 13. Qd2 Nf5 14. a3 Nxe3
15. Qxe3 f5 16. Qd2 b6 17. Rab1 a6 18. b4 h5 19. bxc5 bxc5 20. Rb3 Qf6 21. Rb7
Bc8 22. Rb6 Ra7 23. Na4 Qe7 24. Nc3 Kh7 25. Re1 Qf6 26. Na4 Qd8 27. Reb1 Raf7
28. Nc3 Qf6 29. Na4 Qe7 30. Nc3 Qf6 31. Na4 Qe7 32. Nc3 h4 33. Re1 hxg3 34.
hxg3 Qf6 35. Reb1 Bh6 36. Qe2 e4 37. Nd1 exd3 38. Qxd3 f4 39. gxf4 Bxf4 40.
R1b2 Kg7 41. R6b3 Be5 42. Ra2 Qh4 43. Qe2 Bg4 44. f3 Qg3 45. Rd2 Rxf3 46. Rxf3
Bxf3 47. Qf2 Qh2+ 0-1

[Event "37. Copenhagen Open (Politiken Cup)"]
[Site "Elsinore"]
[Date "2015.07.28"]
[Round "5"]
[White "Thybo, Jan"]
[Black "Shehzad, Kasher"]
[Result "0-1"]
[WhiteElo "1352"]
[BlackElo "1563"]
[PlyCount "126"]
[EventDate "2015.07.25"]
[EventType "swiss"]
[EventRounds "10"]
[EventCountry "DEN"]
[Source "ChessBase"]
[SourceDate "2015.09.14"]

1. e4 c5 2. Nc3 e6 3. g3 Nc6 4. Bg2 Nge7 5. Nge2 d5 6. exd5 exd5 7. d3 d4 8.
Ne4 b6 9. O-O f5 10. Ng5 h6 11. Nh3 g5 12. f4 g4 13. Nf2 Bg7 14. c4 O-O 15. a3
Rb8 16. Qa4 Bd7 17. Qc2 Qe8 18. Re1 Na5 19. b4 Ba4 20. Qb2 Nb3 21. Rb1 Nc6 22.
b5 Nca5 23. Bd2 Nxd2 24. Qxd2 Qe3 25. Qa2 Rfe8 26. Kf1 Bb3 27. Rxb3 Nxb3 28.
Qxb3 Qd2 29. Qd1 Qb2 30. Qa1 Rxe2 31. Qxb2 Rxb2 32. Bd5+ Kf8 33. h3 gxh3 34.
Nxh3 Re8 35. Rxe8+ Kxe8 36. Be6 Ra2 37. Bxf5 Rxa3 38. Nf2 a5 39. bxa6 Rxa6 40.
Ne4 Ra2 41. Nd6+ Kd8 42. Nb5 Ke7 43. Be4 Bf6 44. Nc7 Kd7 45. Nd5 Bd8 46. Bf5+
Kd6 47. Be4 Rb2 48. g4 b5 49. cxb5 Rxb5 50. f5 Ke5 51. f6 Bxf6 52. Nxf6 Kxf6
53. Kf2 Ke5 54. Kf3 Rb3 55. Bf5 c4 56. Ke2 c3 57. Kd1 Rb2 58. Bh7 Rg2 59. Bf5
h5 60. Be4 Rxg4 61. Bf3 Rg5 62. Kc2 h4 63. Bh1 h3 0-1

[Event "37. Copenhagen Open (Politiken Cup)"]
[Site "Elsinore"]
[Date "2015.07.28"]
[Round "5"]
[White "Thybo, Jesper Sondergaard"]
[Black "Hoare, Amy B"]
[Result "1-0"]
[WhiteElo "2255"]
[BlackElo "2069"]
[PlyCount "67"]
[EventDate "2015.07.25"]
[EventType "swiss"]
[EventRounds "10"]
[EventCountry "DEN"]
[Source "ChessBase"]
[SourceDate "2015.09.14"]

1. Nf3 d5 2. g3 Nf6 3. Bg2 e6 4. O-O Be7 5. d3 O-O 6. Nbd2 c5 7. e4 Nc6 8. Re1
b6 9. e5 Nd7 10. Nf1 Qc7 11. Bf4 c4 12. dxc4 dxc4 13. Ne3 c3 14. bxc3 Bb7 15.
Nf5 Nc5 16. Nd6 Rad8 17. Qc1 Ba6 18. Nd4 Nxe5 19. Nxf7 Rxf7 20. Bxe5 Bd6 21.
Qg5 Bxe5 22. Rxe5 Rdf8 23. f4 Nd7 24. Re3 Bc4 25. a4 Nf6 26. Rae1 Qd7 27. Nc6
Qd2 28. Ne5 Rc7 29. Nxc4 Rxc4 30. Rxe6 Rxc3 31. Re7 Qd4+ 32. Kh1 g6 33. Qh6 Rf7
34. Re8+ 1-0

[Event "37. Copenhagen Open (Politiken Cup)"]
[Site "Elsinore"]
[Date "2015.07.28"]
[Round "5"]
[White "Timman, Jan H"]
[Black "Schroeder, Jan Christian"]
[Result "1/2-1/2"]
[WhiteElo "2566"]
[BlackElo "2461"]
[PlyCount "112"]
[EventDate "2015.07.25"]
[EventType "swiss"]
[EventRounds "10"]
[EventCountry "DEN"]
[Source "ChessBase"]
[SourceDate "2015.09.14"]

1. e4 d6 2. d4 Nf6 3. Nc3 e5 4. Nf3 Nbd7 5. Bc4 Be7 6. O-O O-O 7. Re1 c6 8. a4
a5 9. h3 Nb6 10. Ba2 Nfd7 11. Be3 exd4 12. Bxd4 Nc5 13. Bxc5 dxc5 14. Qe2 Qd6
15. Qe3 Qc7 16. Nd2 Qe5 17. Nf3 Qc7 18. Red1 c4 19. Qe2 Bc5 20. e5 Be6 21. Ne4
Be7 22. Nd6 Bxd6 23. exd6 Qb8 24. Ne5 Rd8 25. Nxc4 Nxc4 26. Bxc4 Bxc4 27. Qxc4
Rxd6 28. Qc5 Rxd1+ 29. Rxd1 Qc7 30. Re1 Rd8 31. Qe7 Qxe7 32. Rxe7 b5 33. Ra7 g6
34. axb5 cxb5 35. Rxa5 Rd1+ 36. Kh2 Rd2 37. Rxb5 Rxc2 38. Kg3 h5 39. h4 Rc4 40.
Rb3 Kg7 41. f4 Kf6 42. Kf3 Rc2 43. Rb6+ Ke7 44. Rb5 Kd6 45. Rb3 Rd2 46. g3 Kd5
47. Rb8 Rd3+ 48. Kf2 Ke4 49. Re8+ Kf5 50. Re5+ Kg4 51. Rg5+ Kh3 52. b4 Rb3 53.
f5 Rxb4 54. fxg6 fxg6 55. Rxg6 Rb3 56. Rg5 Ra3 1/2-1/2

[Event "37. Copenhagen Open (Politiken Cup)"]
[Site "Elsinore"]
[Date "2015.07.28"]
[Round "5"]
[White "Torkilseng, Runar"]
[Black "Videbaek, Kurt"]
[Result "1/2-1/2"]
[WhiteElo "1792"]
[BlackElo "1563"]
[PlyCount "85"]
[EventDate "2015.07.25"]
[EventType "swiss"]
[EventRounds "10"]
[EventCountry "DEN"]
[Source "ChessBase"]
[SourceDate "2015.09.14"]

1. d4 Nf6 2. c4 e6 3. Nf3 c5 4. d5 exd5 5. cxd5 d6 6. Nc3 g6 7. e4 Nbd7 8. Bd3
a6 9. a4 Qc7 10. Qe2 Ne5 11. Nxe5 dxe5 12. O-O Bd6 13. Bg5 Qe7 14. Rae1 h6 15.
Bxf6 Qxf6 16. f4 O-O 17. f5 g5 18. Nd1 Bd7 19. b3 Rfb8 20. Ne3 b5 21. a5 Rc8
22. Qh5 Kh7 23. Ng4 Qg7 24. Rf3 c4 25. Bc2 cxb3 26. Bxb3 b4 27. Rh3 Bf8 28. d6
Rc3 29. Bxf7 Rxh3 30. Bg6+ Kg8 31. Qxh3 Rb8 32. Qd3 Rb5 33. Qc4+ Kh8 34. Rd1 b3
35. Rb1 b2 36. Qc2 Bxd6 37. Rxb2 Rxb2 38. Qxb2 h5 39. Ne3 Qf6 40. Nc4 Bc5+ 41.
Kh1 Bd4 42. Qb7 Qc6 43. Qxc6 1/2-1/2

[Event "37. Copenhagen Open (Politiken Cup)"]
[Site "Elsinore"]
[Date "2015.07.28"]
[Round "5"]
[White "Tryggestad, Andreas Garberg"]
[Black "Jensen, Ib"]
[Result "1-0"]
[WhiteElo "2204"]
[BlackElo "1948"]
[PlyCount "59"]
[EventDate "2015.07.25"]
[EventType "swiss"]
[EventRounds "10"]
[EventCountry "DEN"]
[Source "ChessBase"]
[SourceDate "2015.09.14"]

1. e4 Nc6 2. Nf3 Nf6 3. e5 Ng4 4. d4 d6 5. h3 Nh6 6. Bb5 a6 7. Bxc6+ bxc6 8.
Nc3 g6 9. Bf4 Rb8 10. Qd2 Nf5 11. g4 Ng7 12. O-O-O Bd7 13. Rhe1 d5 14. Na4 Rb5
15. Nc5 Qb8 16. c4 Rb4 17. b3 Rb6 18. cxd5 cxd5 19. Kb2 e6 20. Bh6 Rg8 21. Rc1
Bb5 22. Ng5 Bc4 23. Qf4 Bxc5 24. Qxf7+ Kd8 25. Qxg8+ Ne8 26. Nxe6+ Rxe6 27.
dxc5 Re7 28. Bg5 Qb4 29. Qe6 Nf6 30. Qxf6 1-0

[Event "37. Copenhagen Open (Politiken Cup)"]
[Site "Elsinore"]
[Date "2015.07.28"]
[Round "5"]
[White "Tryggestad, Linnea Garberg"]
[Black "Hinrichs, Kurt"]
[Result "1-0"]
[WhiteElo "1422"]
[BlackElo "1268"]
[PlyCount "55"]
[EventDate "2015.07.25"]
[EventType "swiss"]
[EventRounds "10"]
[EventCountry "DEN"]
[Source "ChessBase"]
[SourceDate "2015.09.14"]

1. d4 d5 2. c4 e6 3. Nc3 Nf6 4. Bf4 a6 5. e3 c6 6. h3 Nbd7 7. Nf3 Bb4 8. a3
Bxc3+ 9. bxc3 O-O 10. Bd3 Re8 11. O-O c5 12. Qc2 cxd4 13. cxd4 Nf8 14. Rfc1 Bd7
15. Rab1 dxc4 16. Bxc4 b5 17. Bd3 Rc8 18. Qb2 Nd5 19. Rxc8 Qxc8 20. Rc1 Qa8 21.
Bg3 Rc8 22. Ne5 Rxc1+ 23. Qxc1 Qc8 24. Qb1 f6 25. Nxd7 Nxd7 26. Bxh7+ Kf8 27.
Bd6+ Ne7 28. Qb4 1-0

[Event "37. Copenhagen Open (Politiken Cup)"]
[Site "Elsinore"]
[Date "2015.07.28"]
[Round "5"]
[White "Undheim, Bjarne"]
[Black "Nielsen, Jorgen Lovgren"]
[Result "1/2-1/2"]
[WhiteElo "1899"]
[BlackElo "2106"]
[PlyCount "84"]
[EventDate "2015.07.25"]
[EventType "swiss"]
[EventRounds "10"]
[EventCountry "DEN"]
[Source "ChessBase"]
[SourceDate "2015.09.14"]

1. e4 e5 2. Nf3 Nc6 3. d4 exd4 4. Bc4 Nf6 5. e5 d5 6. Bb5 Ne4 7. Nxd4 Bd7 8.
Bxc6 bxc6 9. O-O Bc5 10. f3 Ng5 11. f4 Ne4 12. Be3 Bb6 13. Nd2 Nxd2 14. Qxd2 c5
15. Nb3 d4 16. Bf2 Bc6 17. Kh1 Qd5 18. Rg1 O-O-O 19. a4 c4 20. a5 cxb3 21. axb6
axb6 22. cxb3 Qxb3 23. Bxd4 Qc4 24. Rac1 Qxd4 25. Qxd4 Bxg2+ 26. Rxg2 Rxd4 27.
Rxg7 Rxf4 28. e6 Rf6 29. exf7 Rf8 30. Rxh7 R8xf7 31. Rxf7 Rxf7 32. Kg2 Kb7 33.
Rf1 Rg7+ 34. Kf3 c5 35. h4 Kc6 36. h5 Kd5 37. h6 Rf7+ 38. Ke2 Rh7 39. Rh1 Kc4
40. Rh3 b5 41. Kd2 Kb4 42. Kc2 Kc4 1/2-1/2

[Event "37. Copenhagen Open (Politiken Cup)"]
[Site "Elsinore"]
[Date "2015.07.28"]
[Round "5"]
[White "Vatnestrom, Leo Andreas Giske"]
[Black "Rasmussen, Jonas H"]
[Result "1-0"]
[WhiteElo "1628"]
[BlackElo "1852"]
[PlyCount "63"]
[EventDate "2015.07.25"]
[EventType "swiss"]
[EventRounds "10"]
[EventCountry "DEN"]
[Source "ChessBase"]
[SourceDate "2015.09.14"]

1. e4 e5 2. Nf3 Nc6 3. Bc4 Bc5 4. O-O Nf6 5. d4 Bxd4 6. Nxd4 Nxd4 7. Be3 Nc6 8.
Nc3 h6 9. f4 exf4 10. Bxf4 d6 11. h3 Be6 12. Bxe6 fxe6 13. Qd3 e5 14. Be3 Qd7
15. a3 O-O 16. Rf3 a6 17. Raf1 Kh7 18. Nd5 Qd8 19. Nxf6+ Rxf6 20. Rxf6 gxf6 21.
Qb3 Kg6 22. Qe6 Qe7 23. Qf5+ Kg7 24. Rf3 Rg8 25. Qh5 Nd4 26. Rg3+ Kh8 27. Qxh6+
Qh7 28. Qxf6+ Rg7 29. Bxd4 exd4 30. Qxd4 Kg8 31. Rxg7+ Qxg7 32. Qxg7+ 1-0

[Event "37. Copenhagen Open (Politiken Cup)"]
[Site "Elsinore"]
[Date "2015.07.28"]
[Round "5"]
[White "Veng, Johny"]
[Black "Berntsen Oybo, August"]
[Result "1-0"]
[WhiteElo "2294"]
[BlackElo "1777"]
[PlyCount "83"]
[EventDate "2015.07.25"]
[EventType "swiss"]
[EventRounds "10"]
[EventCountry "DEN"]
[Source "ChessBase"]
[SourceDate "2015.09.14"]

1. d4 Nf6 2. Nf3 g6 3. c4 d6 4. g3 Bg7 5. Bg2 O-O 6. O-O c5 7. dxc5 dxc5 8. Nc3
Nc6 9. Bf4 Nh5 10. Be3 b6 11. Ne5 Bxe5 12. Bxc6 Bh3 13. Re1 Rc8 14. Qa4 e6 15.
Bf3 Qc7 16. Nb5 Qe7 17. Qxa7 Qf6 18. Rad1 Rb8 19. b3 Ng7 20. Bh6 g5 21. Bxg7
Kxg7 22. Rd7 g4 23. Bh1 h5 24. Red1 h4 25. Nd6 hxg3 26. hxg3 Rbd8 27. Ne4 Rxd7
28. Qxd7 Qh6 29. Qe7 Bf6 30. Qxf6+ Qxf6 31. Nxf6 Kxf6 32. Rd7 Rb8 33. Bc6 Rc8
34. Bb7 Rb8 35. a3 Ke5 36. b4 cxb4 37. axb4 f5 38. e3 Kf6 39. c5 bxc5 40. bxc5
e5 41. c6 Ke6 42. Rd1 1-0

[Event "37. Copenhagen Open (Politiken Cup)"]
[Site "Elsinore"]
[Date "2015.07.28"]
[Round "5"]
[White "Wadstensvik, Petter Andreas"]
[Black "Bjornes, Leif"]
[Result "1/2-1/2"]
[WhiteElo "1658"]
[BlackElo "1867"]
[PlyCount "58"]
[EventDate "2015.07.25"]
[EventType "swiss"]
[EventRounds "10"]
[EventCountry "DEN"]
[Source "ChessBase"]
[SourceDate "2015.09.14"]

1. b4 d5 2. Bb2 Bf5 3. e3 e6 4. Nf3 Nf6 5. b5 Be7 6. Be2 O-O 7. O-O c5 8. Nh4
Bg6 9. Nxg6 hxg6 10. c4 Nbd7 11. f4 Nb6 12. d3 dxc4 13. dxc4 Ne4 14. Qc2 Bf6
15. Bxf6 Qxf6 16. Nd2 Nxd2 17. Qxd2 Rfd8 18. Qc2 Rd7 19. Rad1 Rad8 20. Rxd7
Rxd7 21. Rd1 Qd8 22. Rxd7 Qxd7 23. a4 Nc8 24. Bf3 Ne7 25. Qd1 Qxd1+ 26. Bxd1
Nf5 27. Kf2 Nd6 28. Be2 b6 29. Bd3 Kf8 1/2-1/2

[Event "37. Copenhagen Open (Politiken Cup)"]
[Site "Elsinore"]
[Date "2015.07.28"]
[Round "5"]
[White "Walton, Alan J"]
[Black "Semcesen, Daniel"]
[Result "1/2-1/2"]
[WhiteElo "2173"]
[BlackElo "2437"]
[PlyCount "57"]
[EventDate "2015.07.25"]
[EventType "swiss"]
[EventRounds "10"]
[EventCountry "DEN"]
[Source "ChessBase"]
[SourceDate "2015.09.14"]

1. d4 d6 2. e4 Nf6 3. Nc3 Nbd7 4. Nf3 e5 5. Bc4 Be7 6. O-O O-O 7. h3 c6 8. a4
Nxe4 9. Nxe4 d5 10. Nxe5 Nxe5 11. dxe5 dxe4 12. Bf4 Bf5 13. Qe2 Bc5 14. c3 Qh4
15. Bh2 Rae8 16. Kh1 a5 17. Bb3 Bb6 18. Bc2 Bc7 19. Bg3 Qg5 20. Bxe4 Bxe5 21.
Bxf5 Qxf5 22. Rae1 f6 23. Qc4+ Kh8 24. f4 Bd6 25. Rxe8 Rxe8 26. Qf7 Qc8 27. Rd1
Rf8 28. Qh5 Qc7 29. Rd4 1/2-1/2

[Event "37. Copenhagen Open (Politiken Cup)"]
[Site "Elsinore"]
[Date "2015.07.28"]
[Round "5"]
[White "Weishaeutel, Moritz"]
[Black "Tolba, Henri"]
[Result "1-0"]
[WhiteElo "1926"]
[BlackElo "1739"]
[PlyCount "29"]
[EventDate "2015.07.25"]
[EventType "swiss"]
[EventRounds "10"]
[EventCountry "DEN"]
[Source "ChessBase"]
[SourceDate "2015.09.14"]

1. e4 d5 2. exd5 Qxd5 3. Nc3 Qa5 4. d4 Nf6 5. Bd2 c6 6. Bd3 Qb6 7. Nf3 Bg4 8.
O-O Bxf3 9. Qxf3 Qxd4 10. Bf4 Nbd7 11. Rad1 Nd5 12. Nxd5 cxd5 13. Bb5 Qb6 14.
Bxd7+ Kxd7 15. Qxd5+ 1-0

[Event "37. Copenhagen Open (Politiken Cup)"]
[Site "Elsinore"]
[Date "2015.07.28"]
[Round "5"]
[White "Westerlund, Ola"]
[Black "Jacobsen, Caroline Beer"]
[Result "1-0"]
[WhiteElo "1869"]
[BlackElo "1666"]
[PlyCount "83"]
[EventDate "2015.07.25"]
[EventType "swiss"]
[EventRounds "10"]
[EventCountry "DEN"]
[Source "ChessBase"]
[SourceDate "2015.09.14"]

1. g3 Nf6 2. Bg2 e5 3. c4 d5 4. cxd5 Nxd5 5. Nc3 Nb6 6. Nf3 Nc6 7. O-O Be7 8.
d3 O-O 9. a4 a5 10. Be3 Bb4 11. Rc1 Qe7 12. Ne4 Nd5 13. Bc5 Bxc5 14. Nxc5 Ncb4
15. Qb3 b6 16. Nd2 c6 17. Nce4 Be6 18. Qa3 Qd7 19. Nc4 f6 20. Nc3 Bh3 21. Bxh3
Qxh3 22. Nxd5 Nxd5 23. e4 Nb4 24. Nxb6 Rad8 25. Rc3 f5 26. Qb3+ Kh8 27. Qe6
Nxd3 28. Nd7 Rde8 29. Qxc6 f4 30. Rxd3 f3 31. Rxf3 Rxf3 32. Nxe5 Rff8 33. Qd5
Qe6 34. f4 Qxd5 35. exd5 Rd8 36. Rd1 Rf6 37. Rc1 h6 38. Rc5 Ra8 39. d6 Kh7 40.
d7 Rd6 41. Rc8 Rd1+ 42. Kg2 1-0

[Event "37. Copenhagen Open (Politiken Cup)"]
[Site "Elsinore"]
[Date "2015.07.28"]
[Round "5"]
[White "Wiberg, Jonas"]
[Black "Sparvang, Johnny"]
[Result "1-0"]
[WhiteElo "1805"]
[BlackElo "1619"]
[PlyCount "91"]
[EventDate "2015.07.25"]
[EventType "swiss"]
[EventRounds "10"]
[EventCountry "DEN"]
[Source "ChessBase"]
[SourceDate "2015.09.14"]

1. d4 d6 2. e4 Nd7 3. Nf3 g6 4. Nc3 Bg7 5. Be3 e5 6. d5 Ne7 7. Nd2 f5 8. f3 Nf6
9. Be2 O-O 10. Nb3 a6 11. Bg5 Nh5 12. g3 h6 13. Bd2 Nf6 14. Qc1 g5 15. Be3 Ng6
16. Qd2 fxe4 17. fxe4 Ng4 18. Bxg4 Bxg4 19. h3 Bf3 20. Rf1 Qd7 21. Qh2 Rf7 22.
Rf2 Raf8 23. Kd2 b5 24. a3 c5 25. Bxc5 dxc5 26. Nxc5 Qa7 27. b4 Rc8 28. Raf1
Rxc5 29. bxc5 Qxc5 30. Rxf3 Rxf3 31. Rxf3 Qxa3 32. Qe2 b4 33. Nd1 Qa5 34. Rb3
Bf8 35. Qc4 Kh8 36. Nb2 Qb6 37. Rf3 Qa5 38. Ke2 Kg7 39. Nd1 Qb6 40. Ne3 Bc5 41.
Nf5+ Kh7 42. d6 Kh8 43. Nxh6 Qb5 44. Qxb5 axb5 45. d7 Be7 46. Nf7+ 1-0

[Event "37. Copenhagen Open (Politiken Cup)"]
[Site "Elsinore"]
[Date "2015.07.28"]
[Round "5"]
[White "Winfridsson, Hakan"]
[Black "Haldorsen, Benjamin"]
[Result "1/2-1/2"]
[WhiteElo "2038"]
[BlackElo "2302"]
[PlyCount "90"]
[EventDate "2015.07.25"]
[EventType "swiss"]
[EventRounds "10"]
[EventCountry "DEN"]
[Source "ChessBase"]
[SourceDate "2015.09.14"]

1. e4 e5 2. f4 exf4 3. Nf3 h6 4. d4 g5 5. Nc3 d6 6. Bc4 Bg7 7. g3 g4 8. Bxf4
gxf3 9. Qxf3 Nf6 10. e5 dxe5 11. dxe5 O-O 12. exf6 Re8+ 13. Kf2 Qd4+ 14. Be3
Qxc4 15. fxg7 Nc6 16. Qf4 Qxf4+ 17. Bxf4 Nd4 18. Rad1 c5 19. Be3 Bg4 20. Nd5
Bxd1 21. Nf6+ Kxg7 22. Nxe8+ Rxe8 23. Rxd1 Nxc2 24. Bxc5 b6 25. Rc1 bxc5 26.
Rxc2 Re5 27. b3 Kf6 28. h3 h5 29. Rc4 Rf5+ 30. Kg2 Rd5 31. Ra4 Rd7 32. Kf3 Kg5
33. Ra5 Rd3+ 34. Kf2 f5 35. Rxc5 Rd2+ 36. Kf3 Rd3+ 37. Kf2 Rd2+ 38. Ke3 Rxa2
39. Kf3 Ra3 40. h4+ Kg6 41. Rc6+ Kg7 42. Kf4 Rxb3 43. Ra6 Rb4+ 44. Kxf5 Rb5+
45. Kf4 Rb4+ 1/2-1/2

[Event "37. Copenhagen Open (Politiken Cup)"]
[Site "Elsinore"]
[Date "2015.07.29"]
[Round "6"]
[White "Adan Bermudez, Sergio"]
[Black "Shankland, Samuel L"]
[Result "0-1"]
[WhiteElo "2402"]
[BlackElo "2656"]
[PlyCount "74"]
[EventDate "2015.07.25"]
[EventType "swiss"]
[EventRounds "10"]
[EventCountry "DEN"]
[Source "ChessBase"]
[SourceDate "2015.09.14"]

1. c4 Nf6 2. Nc3 e6 3. e4 d5 4. e5 d4 5. exf6 dxc3 6. bxc3 Qxf6 7. d4 e5 8. Qe2
Be6 9. dxe5 Qg6 10. h4 Nc6 11. h5 Qf5 12. Nf3 Be7 13. g3 Bxc4 14. Qxc4 Qxf3 15.
Rg1 Nxe5 16. Qb5+ Nc6 17. Be3 O-O 18. Qxb7 Nd4 19. Qb1 Rab8 20. Qd1 Qxd1+ 21.
Kxd1 Nf3 22. Rh1 Rb2 23. a4 Bg5 24. Kc1 Rxf2 25. Bxg5 Nxg5 26. Bd3 Rf3 27. Kc2
Rxg3 28. Rab1 Ne6 29. Rb5 Rg2+ 30. Kb3 c6 31. Ra5 Rb8+ 32. Ka3 Rg3 33. Rd1 Nf4
34. Be4 Rxc3+ 35. Ka2 Rc4 36. Bf3 Rc2+ 37. Ka1 Rc3 0-1

[Event "37. Copenhagen Open (Politiken Cup)"]
[Site "Elsinore"]
[Date "2015.07.29"]
[Round "6"]
[White "Andersen, Dag"]
[Black "Thaler, Toni"]
[Result "1/2-1/2"]
[WhiteElo "1840"]
[BlackElo "2025"]
[PlyCount "56"]
[EventDate "2015.07.25"]
[EventType "swiss"]
[EventRounds "10"]
[EventCountry "DEN"]
[Source "ChessBase"]
[SourceDate "2015.09.14"]

1. d4 f5 2. g3 Nf6 3. Bg2 g6 4. c4 Bg7 5. Nc3 O-O 6. Nf3 d6 7. d5 Nbd7 8. O-O
Nc5 9. Rb1 a5 10. Nd4 Rb8 11. a3 e5 12. dxe6 Nxe6 13. Nxe6 Bxe6 14. Nd5 Ng4 15.
b3 c6 16. Nf4 Bf7 17. e4 Nh6 18. exf5 Nxf5 19. Bb2 a4 20. Bxg7 Kxg7 21. Re1 Qf6
22. Rc1 axb3 23. Qxb3 b5 24. Qc3 Nd4 25. c5 g5 26. Ne2 Nxe2+ 27. Rxe2 d5 28.
Qd2 Rfe8 1/2-1/2

[Event "37. Copenhagen Open (Politiken Cup)"]
[Site "Elsinore"]
[Date "2015.07.29"]
[Round "6"]
[White "Andersen, Daniel"]
[Black "Mott, Jens"]
[Result "1-0"]
[WhiteElo "1766"]
[BlackElo "1953"]
[PlyCount "70"]
[EventDate "2015.07.25"]
[EventType "swiss"]
[EventRounds "10"]
[EventCountry "DEN"]
[Source "ChessBase"]
[SourceDate "2015.09.14"]

1. c4 Nf6 2. Nc3 e5 3. Nf3 Nc6 4. e4 d6 5. d4 exd4 6. Nxd4 Be7 7. g3 Bd7 8. Bg2
O-O 9. O-O Qc8 10. Nd5 Nxd5 11. cxd5 Nxd4 12. Qxd4 Bf6 13. Qb4 a5 14. Qb3 Bd4
15. Qd3 Bc5 16. Be3 Ba7 17. Bxa7 Rxa7 18. Rac1 Re8 19. Rc3 b5 20. Qd4 Rb7 21.
Rd1 f6 22. f4 Re7 23. e5 Qb8 24. e6 Be8 25. f5 Qa7 26. Qxa7 Rxa7 27. g4 g5 28.
fxg6 Bxg6 29. Rf1 Ra8 30. Rcf3 Rc8 31. Rc3 Kg7 32. Rfc1 Be8 33. Be4 b4 34. Rf3
Bb5 35. Rc2 Rf8 1-0

[Event "37. Copenhagen Open (Politiken Cup)"]
[Site "Elsinore"]
[Date "2015.07.29"]
[Round "6"]
[White "Andersen, Johnny"]
[Black "Larsen, Ulrik"]
[Result "0-1"]
[WhiteElo "1795"]
[BlackElo "2005"]
[PlyCount "72"]
[EventDate "2015.07.25"]
[EventType "swiss"]
[EventRounds "10"]
[EventCountry "DEN"]
[Source "ChessBase"]
[SourceDate "2015.09.14"]

1. e4 c5 2. Nc3 e6 3. d3 Nc6 4. g3 g6 5. Bg2 Bg7 6. f4 d6 7. Nf3 Nge7 8. Rb1
O-O 9. O-O Rb8 10. h3 b5 11. a3 a5 12. Bd2 b4 13. axb4 axb4 14. Ne2 Ba6 15. b3
Na7 16. Re1 Nb5 17. Kh2 Nc6 18. g4 Qc7 19. Rg1 Nbd4 20. Nfxd4 Nxd4 21. Ng3 Bb7
22. h4 Qe7 23. g5 f5 24. h5 e5 25. exf5 exf4 26. Bxf4 Nxf5 27. Nxf5 Rxf5 28.
Bxb7 Rxf4 29. Bd5+ Kh8 30. Rg4 Qe5 31. Rxf4 Qxf4+ 32. Kh3 Qf5+ 33. Qg4 Qxd5 34.
hxg6 hxg6 35. Rf1 Re8 36. Rf3 Qe6 0-1

[Event "37. Copenhagen Open (Politiken Cup)"]
[Site "Elsinore"]
[Date "2015.07.29"]
[Round "6"]
[White "Bach, Matthias"]
[Black "Christiansen, Johan Sebastian"]
[Result "1-0"]
[WhiteElo "2236"]
[BlackElo "2409"]
[PlyCount "77"]
[EventDate "2015.07.25"]
[EventType "swiss"]
[EventRounds "10"]
[EventCountry "DEN"]
[Source "ChessBase"]
[SourceDate "2015.09.14"]

1. e4 e6 2. c4 d5 3. exd5 exd5 4. cxd5 Qxd5 5. Nc3 Qa5 6. Nf3 Nf6 7. Bc4 Be7 8.
O-O O-O 9. Re1 Bd6 10. Nb5 Bf4 11. d4 Bxc1 12. Qxc1 a6 13. Nc3 Qb6 14. Qf4 Nbd7
15. Re3 c5 16. Rd1 Qa7 17. Ng5 b5 18. Bxf7+ Rxf7 19. Nxf7 Kxf7 20. Qd6 Kg8 21.
Re7 Qb6 22. Rxd7 Qxd6 23. Rxd6 c4 24. Rd8+ Kf7 25. Re1 Bb7 26. Rxa8 Bxa8 27. f3
Bc6 28. a3 a5 29. Kf2 Bd7 30. Re5 b4 31. axb4 axb4 32. Nd5 c3 33. bxc3 b3 34.
Nxf6 gxf6 35. Re2 Bf5 36. Rb2 Bc2 37. Ke3 Ke6 38. Rxc2 bxc2 39. Kd2 1-0

[Event "37. Copenhagen Open (Politiken Cup)"]
[Site "Elsinore"]
[Date "2015.07.29"]
[Round "6"]
[White "Bakkejord, Odd Vidar"]
[Black "Halvorsen, Benjamin"]
[Result "0-1"]
[WhiteElo "1482"]
[BlackElo "1728"]
[PlyCount "38"]
[EventDate "2015.07.25"]
[EventType "swiss"]
[EventRounds "10"]
[EventCountry "DEN"]
[Source "ChessBase"]
[SourceDate "2015.09.14"]

1. c4 e5 2. e3 Nf6 3. Nc3 d5 4. Nf3 e4 5. Nd4 c5 6. Nb3 d4 7. exd4 cxd4 8. Ne2
Nc6 9. d3 Bb4+ 10. Bd2 exd3 11. Bxb4 Nxb4 12. Nexd4 Qe7+ 13. Be2 dxe2 14. Nxe2
Be6 15. O-O Bxc4 16. Nd2 Bxe2 17. Qa4+ b5 18. Qb3 Bxf1 19. Kxf1 O-O 0-1